[Event "Turkish Cup 2022"]
[Site "Sakarya"]
[Date "2022.03.30"]
[Round "9.14"]
[White "Isbilir, Okan"]
[Black "Bacak, Muhammed Kaan"]
[Result "0-1"]
[WhiteElo "1915"]
[BlackElo "2155"]
[Annotator "NA"]
[PlyCount "96"]
[EventDate "2022.03.25"]
[EventType "swiss"]
[EventCountry "TUR"]
[SourceTitle "playchess.com"]
[Source "ChessBase"]
[SourceQuality "1"]
[TimeControl "5400+30"]

1. d4 {[%emt 0:03:00]} Nf6 {[%emt 0:01:00]} 2. c4 {[%emt 0:00:30]} g6 {[%emt 0:00:30]} 3. Nc3 {[%emt 0:00:30]} Bg7 {[%emt 0:00:30]} 4. e4 {[%emt 0:00:30]} d6 {[%emt 0:00:30]} 5. Be3 {[%emt 0:00:30]} Nc6 {[%emt 0:00:00]} 6. d5 {[%emt 0:02:30]} Nb8 {[%emt 0:00:00]} 7. Bd3 {[%emt 0:02:30]} c6 {[%emt 0:02:30]} 8. f3 {[%emt 0:00:30]} a6 {[%emt 0:00:30]} 9. Nge2 {[%emt 0:00:30]} O-O {[%emt 0:01:30]} 10. O-O {[%emt 0:00:30]} Nbd7 {[%emt 0:07:30]} 11. Qd2 {[%emt 0:01:30]} Ne5 {[%emt 0:00:30]} 12. Rfd1 {[%emt 0:00:30]} Bd7 {[%emt 0:18:30]} 13. Kh1 {[%emt 0:01:30]} Rc8 {[%emt 0:03:30]} 14. Rac1 {[%emt 0:00:30]} c5 {[%emt 0:05:30]} 15. b3 {[%emt 0:03:30]} Nxd3 {[%emt 0:01:30]} 16. Qxd3 {[%emt 0:00:30]} Rb8 {[%emt 0:01:30]} 17. a4 {[%emt 0:00:30]} Ne8 {[%emt 0:02:30]} 18. Ra1 {[%emt 0:01:30]} b6 {[%emt 0:00:30]} 19. Ra2 {[%emt 0:03:30]} Nc7 {[%emt 0:01:30]} 20. Qd2 {[%emt 0:02:30]} Re8 {[%emt 0:01:30]} 21. h3 {[%emt 0:03:30]} Qc8 {[%emt 0:01:30]} 22. Ng1 {[%emt 0:02:30]} b5 {[%emt 0:02:30]} 23. axb5 {[%emt 0:01:30]} axb5 {[%emt 0:00:00]} 24. Rc1 {[%emt 0:05:30]} Qb7 {[%emt 0:01:00]} 25. f4 {[%emt 0:01:30]} b4 {[%emt 0:02:30]} 26. Nce2 {[%emt 0:02:30]} e6 {[%emt 0:02:30]} 27. e5 {[%emt 0:03:30]} dxe5 {[%emt 0:10:30]} 28. d6 {[%emt 0:00:30]} Na6 {[%emt 0:00:30]} 29. fxe5 {[%emt 0:03:30]} Bxe5 {[%emt 0:00:30]} 30. Nf3 {[%emt 0:00:30]} Bg7 {[%emt 0:00:00]} 31. Bh6 {[%emt 0:02:30]} Bh8 {[%emt 0:00:00]} 32. Ng3 {[%emt 0:04:30]} e5 {[%emt 0:01:30]} 33. Ng5 {[%emt 0:05:30]} e4 {[%emt 0:04:30]} 34. Qf4 {[%emt 0:02:30]} f5 {[%emt 0:04:30]} 35. N3xe4 {[%emt 0:03:30]} Bc6 {[%emt 0:05:22]} 36. Ng3 {[%emt 0:03:30]} Be5 {[%emt 0:01:22]} 37. Qf2 {[%emt 0:02:30]} Rbd8 {[%emt 0:01:15]} 38. Nxf5 {[%emt 0:01:30]} gxf5 {[%emt 0:01:08]} 39. Qxf5 {[%emt 0:00:30]} Rxd6 {[%emt 0:00:46]} 40. Re1 {[%emt 0:03:30]} Rf6 {[%emt 0:05:59]} 41. Qxf6 {[%emt 0:00:30]} Bxf6 {[%emt 0:00:06]} 42. Rxe8+ {[%emt 0:00:30]} Bxe8 {[%emt 0:00:30]} 43. Rf2 {[%emt 0:00:30]} Qe7 {[%emt 0:00:00]} 44. Ne4 {[%emt 0:00:00]} Qxe4 {[%emt 0:01:00]} 45. Rxf6 {[%emt 0:00:00]} Qe1+ {[%emt 0:00:24]} 46. Kh2 {[%emt 0:00:30]} Qe5+ {[%emt 0:00:30]} 47. Rf4 {[%emt 0:00:00]} Qd6 {[%emt 0:00:00]} 48. Kg1 {[%emt 0:01:00]} Qxh6 {[%emt 0:00:21]} 0-1

[Event "Turkish Cup 2022"]
[Site "Sakarya"]
[Date "2022.03.30"]
[Round "9.15"]
[White "Ererdem, Gani Eren"]
[Black "Temizer, Umut"]
[Result "0-1"]
[WhiteElo "2134"]
[BlackElo "1972"]
[Annotator "NA"]
[PlyCount "64"]
[EventDate "2022.03.25"]
[EventType "swiss"]
[EventCountry "TUR"]
[SourceTitle "playchess.com"]
[Source "ChessBase"]
[SourceQuality "1"]
[TimeControl "5400+30"]

1. d4 {[%emt 0:03:00]} d5 {[%emt 0:01:00]} 2. c4 {[%emt 0:00:30]} e6 {[%emt 0:00:30]} 3. Nf3 {[%emt 0:02:30]} a6 {[%emt 0:01:30]} 4. e3 {[%emt 0:09:30]} Nf6 {[%emt 0:03:30]} 5. Nc3 {[%emt 0:01:30]} Be7 {[%emt 0:00:30]} 6. b3 {[%emt 0:03:30]} O-O {[%emt 0:00:30]} 7. Bd3 {[%emt 0:00:00]} b6 {[%emt 0:02:30]} 8. O-O {[%emt 0:01:00]} Bb7 {[%emt 0:00:30]} 9. Qc2 {[%emt 0:01:30]} Nbd7 {[%emt 0:01:30]} 10. Bb2 {[%emt 0:08:30]} c5 {[%emt 0:06:30]} 11. cxd5 {[%emt 0:00:30]} exd5 {[%emt 0:00:30]} 12. Rad1 {[%emt 0:01:30]} Re8 {[%emt 0:03:30]} 13. Ne5 {[%emt 0:00:30]} cxd4 {[%emt 0:02:30]} 14. exd4 {[%emt 0:03:30]} Bd6 {[%emt 0:02:30]} 15. f4 {[%emt 0:00:30]} b5 {[%emt 0:03:30]} 16. a3 {[%emt 0:11:30]} Nf8 {[%emt 0:01:30]} 17. Rf3 {[%emt 0:27:30]} Qb6 {[%emt 0:03:30]} 18. Kh1 {[%emt 0:01:30]} Rac8 {[%emt 0:00:30]} 19. Bf5 {[%emt 0:04:58]} Rc7 {[%emt 0:00:30]} 20. Qf2 {[%emt 0:04:28]} Ne4 {[%emt 0:04:30]} 21. Bxe4 {[%emt 0:02:57]} dxe4 {[%emt 0:00:30]} 22. Rg3 {[%emt 0:02:09]} Kh8 {[%emt 0:08:30]} 23. Ng4 {[%emt 0:04:08]} Ng6 {[%emt 0:01:30]} 24. f5 {[%emt 0:00:00]} Bxg3 {[%emt 0:06:30]} 25. Qxg3 {[%emt 0:00:09]} Nf8 {[%emt 0:10:30]} 26. f6 {[%emt 0:02:13]} g6 {[%emt 0:03:30]} 27. d5 {[%emt 0:01:47]} Bc8 {[%emt 0:06:30]} 28. Qf4 {[%emt 0:02:55]} Bxg4 {[%emt 0:00:30]} 29. Qh6 {[%emt 0:00:00]} Qxf6 {[%emt 0:00:00]} 30. Na4 {[%emt 0:00:45]} Qxb2 {[%emt 0:00:00]} 31. Nxb2 {[%emt 0:00:30]} Bxd1 {[%emt 0:00:30]} 32. Nxd1 {[%emt 0:00:00]} e3 {[%emt 0:00:00]} 0-1

[Event "Turkish Cup 2022"]
[Site "Sakarya"]
[Date "2022.03.30"]
[Round "9.16"]
[White "Gulden, Egemen"]
[Black "Ibik, Halit Yavuz"]
[Result "1/2-1/2"]
[WhiteElo "2094"]
[BlackElo "1996"]
[Annotator "NA"]
[PlyCount "101"]
[EventDate "2022.03.25"]
[EventType "swiss"]
[EventCountry "TUR"]
[SourceTitle "playchess.com"]
[Source "ChessBase"]
[SourceQuality "1"]
[TimeControl "5400+30"]

1. b4 {[%emt 0:05:00]} e5 {[%emt 0:10:00]} 2. Bb2 {[%emt 0:00:30]} Bxb4 {[%emt 0:01:30]} 3. Bxe5 {[%emt 0:00:30]} Nf6 {[%emt 0:00:00]} 4. c3 {[%emt 0:00:30]} Be7 {[%emt 0:00:00]} 5. g3 {[%emt 0:02:30]} Nc6 {[%emt 0:00:30]} 6. Bxf6 {[%emt 0:00:00]} Bxf6 {[%emt 0:00:30]} 7. Bg2 {[%emt 0:00:00]} d5 {[%emt 0:01:30]} 8. e3 {[%emt 0:00:30]} b6 {[%emt 0:03:30]} 9. Ne2 {[%emt 0:01:30]} O-O {[%emt 0:01:30]} 10. O-O {[%emt 0:01:30]} Ne7 {[%emt 0:06:30]} 11. d4 {[%emt 0:00:30]} c6 {[%emt 0:02:30]} 12. a4 {[%emt 0:00:30]} a5 {[%emt 0:03:30]} 13. Nd2 {[%emt 0:03:30]} Ba6 {[%emt 0:00:00]} 14. Re1 {[%emt 0:00:00]} Qc7 {[%emt 0:01:00]} 15. Qb3 {[%emt 0:09:00]} g6 {[%emt 0:04:30]} 16. c4 {[%emt 0:06:30]} Rfd8 {[%emt 0:07:30]} 17. Nc3 {[%emt 0:03:30]} dxc4 {[%emt 0:01:30]} 18. Nxc4 {[%emt 0:00:30]} Rab8 {[%emt 0:00:30]} 19. Rec1 {[%emt 0:10:30]} Bg7 {[%emt 0:01:30]} 20. Rab1 {[%emt 0:09:30]} Bc8 {[%emt 0:26:30]} 21. d5 {[%emt 0:18:30]} cxd5 {[%emt 0:02:30]} 22. Nxb6 {[%emt 0:03:30]} Be6 {[%emt 0:03:30]} 23. Ncxd5 {[%emt 0:02:30]} Qa7 {[%emt 0:09:31]} 24. Nxe7+ {[%emt 0:06:25]} Qxe7 {[%emt 0:00:03]} 25. Qb5 {[%emt 0:02:21]} Ba2 {[%emt 0:01:43]} 26. Qxa5 {[%emt 0:01:47]} Bxb1 {[%emt 0:00:08]} 27. Rxb1 {[%emt 0:00:00]} Rd6 {[%emt 0:02:08]} 28. Qa6 {[%emt 0:01:57]} Qd8 {[%emt 0:02:23]} 29. a5 {[%emt 0:00:25]} Bc3 {[%emt 0:00:00]} 30. h4 {[%emt 0:07:50]} Bxa5 {[%emt 0:02:04]} 31. Qxa5 {[%emt 0:00:01]} Rdxb6 {[%emt 0:00:29]} 32. Rxb6 {[%emt 0:00:12]} Rxb6 {[%emt 0:00:42]} 33. Qa2 {[%emt 0:00:10]} Qd1+ {[%emt 0:02:00]} 34. Kh2 {[%emt 0:00:02]} Rd6 {[%emt 0:00:12]} 35. Qa8+ {[%emt 0:00:46]} Kg7 {[%emt 0:00:32]} 36. Qe4 {[%emt 0:00:04]} Qa1 {[%emt 0:02:57]} 37. g4 {[%emt 0:00:37]} Qb2 {[%emt 0:00:30]} 38. Kg3 {[%emt 0:01:02]} Re6 {[%emt 0:01:13]} 39. Qd4+ {[%emt 0:02:31]} Qxd4 {[%emt 0:00:30]} 40. exd4 {[%emt 0:00:00]} Rd6 {[%emt 0:00:55]} 41. d5 {[%emt 0:00:00]} Kf6 {[%emt 0:00:26]} 42. Kf4 {[%emt 0:00:00]} h6 {[%emt 0:00:15]} 43. g5+ {[%emt 0:00:51]} hxg5+ {[%emt 0:00:30]} 44. hxg5+ {[%emt 0:00:30]} Ke7 {[%emt 0:00:00]} 45. Be4 {[%emt 0:00:00]} Rb6 {[%emt 0:01:31]} 46. Ke5 {[%emt 0:00:00]} Rd6 {[%emt 0:01:10]} 47. f4 {[%emt 0:00:00]} Rb6 {[%emt 0:00:09]} 48. Bc2 {[%emt 0:00:26]} Rd6 {[%emt 0:00:51]} 49. Ba4 {[%emt 0:00:30]} Rd8 {[%emt 0:00:18]} 50. Bb5 {[%emt 0:02:17]} Rd6 {[%emt 0:00:09]} 51. Bd3 {[%emt 0:00:19]} 1/2-1/2

[Event "Turkish Cup 2022"]
[Site "Sakarya"]
[Date "2022.03.30"]
[Round "9.17"]
[White "Sahin, Fehim"]
[Black "Korkmaz, Necmettin"]
[Result "0-1"]
[WhiteElo "1648"]
[BlackElo "2076"]
[Annotator "NA"]
[PlyCount "90"]
[EventDate "2022.03.25"]
[EventType "swiss"]
[EventCountry "TUR"]
[SourceTitle "playchess.com"]
[Source "ChessBase"]
[SourceQuality "1"]
[TimeControl "5400+30"]

1. d4 {[%emt 0:01:00]} d5 {[%emt 0:01:00]} 2. f4 {[%emt 0:00:30]} Nf6 {[%emt 0:00:30]} 3. Nf3 {[%emt 0:00:00]} Bf5 {[%emt 0:00:30]} 4. e3 {[%emt 0:00:00]} e6 {[%emt 0:05:30]} 5. Bd3 {[%emt 0:00:00]} Bxd3 {[%emt 0:14:30]} 6. Qxd3 {[%emt 0:00:00]} Nbd7 {[%emt 0:01:30]} 7. Nbd2 {[%emt 0:00:30]} c5 {[%emt 0:01:30]} 8. c3 {[%emt 0:00:00]} Bd6 {[%emt 0:01:30]} 9. Ne5 {[%emt 0:00:00]} O-O {[%emt 0:00:30]} 10. O-O {[%emt 0:00:30]} Rc8 {[%emt 0:08:30]} 11. a4 {[%emt 0:01:30]} Ne8 {[%emt 0:01:30]} 12. Nxd7 {[%emt 0:02:30]} Qxd7 {[%emt 0:00:30]} 13. e4 {[%emt 0:00:00]} cxd4 {[%emt 0:02:30]} 14. cxd4 {[%emt 0:00:00]} dxe4 {[%emt 0:00:30]} 15. Nxe4 {[%emt 0:00:00]} Be7 {[%emt 0:01:30]} 16. Bd2 {[%emt 0:01:00]} Nf6 {[%emt 0:03:30]} 17. Nxf6+ {[%emt 0:01:30]} Bxf6 {[%emt 0:00:30]} 18. Bc3 {[%emt 0:00:30]} Rfd8 {[%emt 0:00:30]} 19. Rfd1 {[%emt 0:00:00]} Qd5 {[%emt 0:01:30]} 20. Kf2 {[%emt 0:03:00]} Rc4 {[%emt 0:06:30]} 21. Ke3 {[%emt 0:01:30]} e5 {[%emt 0:10:30]} 22. fxe5 {[%emt 0:03:30]} Bxe5 {[%emt 0:06:30]} 23. g3 {[%emt 0:04:30]} Bf6 {[%emt 0:04:30]} 24. Qe4 {[%emt 0:05:30]} Qd7 {[%emt 0:02:30]} 25. Kf3 {[%emt 0:03:30]} Re8 {[%emt 0:04:30]} 26. Qf4 {[%emt 0:03:30]} h6 {[%emt 0:04:50]} 27. Rd3 {[%emt 0:15:30]} Bg5 {[%emt 0:06:13]} 28. Qg4 {[%emt 0:03:30]} f5 {[%emt 0:00:32]} 29. Qh5 {[%emt 0:00:30]} Rxa4 {[%emt 0:03:45]} 30. Rad1 {[%emt 0:02:30]} Ra6 {[%emt 0:00:30]} 31. d5 {[%emt 0:00:30]} g6 {[%emt 0:00:30]} 32. Qh3 {[%emt 0:00:30]} Qa4 {[%emt 0:00:04]} 33. Bd4 {[%emt 0:05:30]} Qc4 {[%emt 0:01:01]} 34. Kf2 {[%emt 0:05:30]} Qc2+ {[%emt 0:00:20]} 35. Kg1 {[%emt 0:00:30]} Re1+ {[%emt 0:04:07]} 36. Rxe1 {[%emt 0:00:30]} Qxd3 {[%emt 0:00:00]} 37. Bf2 {[%emt 0:01:30]} Qxd5 {[%emt 0:00:00]} 38. Qf1 {[%emt 0:00:00]} Re6 {[%emt 0:00:43]} 39. Rd1 {[%emt 0:00:00]} Qf3 {[%emt 0:00:32]} 40. Rd3 {[%emt 0:05:30]} Qe2 {[%emt 0:01:09]} 41. Qb1 {[%emt 0:00:30]} a6 {[%emt 0:00:43]} 42. b4 {[%emt 0:00:30]} Rc6 {[%emt 0:00:36]} 43. Qb3+ {[%emt 0:02:30]} Qe6 {[%emt 0:00:16]} 44. Qa4 {[%emt 0:02:30]} Rc1+ {[%emt 0:00:30]} 45. Rd1 {[%emt 0:00:00]} b5 {[%emt 0:00:14]} 0-1

[Event "Turkish Cup 2022"]
[Site "Sakarya"]
[Date "2022.03.30"]
[Round "9.18"]
[White "Baltaci, Ismail Tarik"]
[Black "Kavri, Yusuf Eren"]
[Result "1-0"]
[WhiteElo "2033"]
[BlackElo "1886"]
[Annotator "NA"]
[PlyCount "63"]
[EventDate "2022.03.25"]
[EventType "swiss"]
[EventCountry "TUR"]
[SourceTitle "playchess.com"]
[Source "ChessBase"]
[SourceQuality "1"]
[TimeControl "5400+30"]

1. Nf3 {[%emt 0:01:00]} Nf6 {[%emt 0:01:00]} 2. g3 {[%emt 0:00:30]} d5 {[%emt 0:00:30]} 3. Bg2 {[%emt 0:00:00]} e6 {[%emt 0:00:00]} 4. O-O {[%emt 0:00:00]} Be7 {[%emt 0:00:00]} 5. d3 {[%emt 0:00:30]} O-O {[%emt 0:00:30]} 6. Nbd2 {[%emt 0:00:00]} c5 {[%emt 0:00:30]} 7. e4 {[%emt 0:00:00]} Nc6 {[%emt 0:00:30]} 8. Re1 {[%emt 0:00:30]} b5 {[%emt 0:00:30]} 9. e5 {[%emt 0:00:30]} Nd7 {[%emt 0:00:30]} 10. Nf1 {[%emt 0:00:00]} Qc7 {[%emt 0:03:30]} 11. Bf4 {[%emt 0:00:00]} c4 {[%emt 0:03:30]} 12. d4 {[%emt 0:03:30]} b4 {[%emt 0:03:30]} 13. Ne3 {[%emt 0:06:30]} a5 {[%emt 0:06:30]} 14. h4 {[%emt 0:08:30]} Qa7 {[%emt 0:18:30]} 15. c3 {[%emt 0:03:30]} Rb8 {[%emt 0:04:30]} 16. Ng5 {[%emt 0:09:30]} bxc3 {[%emt 0:02:30]} 17. bxc3 {[%emt 0:01:30]} Ba6 {[%emt 0:06:30]} 18. Qh5 {[%emt 0:02:30]} Bxg5 {[%emt 0:01:30]} 19. Qxg5 {[%emt 0:13:30]} h6 {[%emt 0:18:30]} 20. Qh5 {[%emt 0:04:30]} Ne7 {[%emt 0:02:30]} 21. Ng4 {[%emt 0:04:30]} Nf5 {[%emt 0:01:30]} 22. Bh3 {[%emt 0:00:30]} Rb2 {[%emt 0:07:37]} 23. Nf6+ {[%emt 0:08:30]} Nxf6 {[%emt 0:07:12]} 24. exf6 {[%emt 0:00:00]} g6 {[%emt 0:00:00]} 25. Qd1 {[%emt 0:01:00]} h5 {[%emt 0:01:54]} 26. Bxf5 {[%emt 0:01:30]} exf5 {[%emt 0:00:16]} 27. Bd6 {[%emt 0:00:30]} Rfb8 {[%emt 0:06:42]} 28. Qc1 {[%emt 0:01:30]} Kh7 {[%emt 0:00:27]} 29. Re7 {[%emt 0:00:30]} R2b7 {[%emt 0:01:09]} 30. Bxb8 {[%emt 0:01:30]} Qxb8 {[%emt 0:00:30]} 31. Qe3 {[%emt 0:00:00]} f4 {[%emt 0:00:05]} 32. Qxf4 {[%emt 0:00:00]} 1-0

[Event "Turkish Cup 2022"]
[Site "Sakarya"]
[Date "2022.03.30"]
[Round "9.19"]
[White "Kandaz, Berat Efe"]
[Black "Gulsoy, Mustafa Alpago"]
[Result "0-1"]
[WhiteElo "1519"]
[BlackElo "2023"]
[Annotator "NA"]
[PlyCount "58"]
[EventDate "2022.03.25"]
[EventType "swiss"]
[EventCountry "TUR"]
[SourceTitle "playchess.com"]
[Source "ChessBase"]
[SourceQuality "1"]
[TimeControl "5400+30"]

1. d4 {[%emt 0:03:00]} g6 {[%emt 0:01:00]} 2. c4 {[%emt 0:00:00]} Bg7 {[%emt 0:00:30]} 3. e4 {[%emt 0:00:00]} d6 {[%emt 0:00:30]} 4. Nc3 {[%emt 0:00:30]} Nc6 {[%emt 0:00:30]} 5. Be3 {[%emt 0:00:30]} e5 {[%emt 0:00:30]} 6. d5 {[%emt 0:00:30]} Nce7 {[%emt 0:00:00]} 7. Nge2 {[%emt 0:02:30]} f5 {[%emt 0:00:00]} 8. f3 {[%emt 0:05:30]} Nf6 {[%emt 0:00:30]} 9. b4 {[%emt 0:00:30]} O-O {[%emt 0:00:30]} 10. Qb3 {[%emt 0:01:30]} fxe4 {[%emt 0:03:30]} 11. Nxe4 {[%emt 0:02:30]} Nf5 {[%emt 0:00:30]} 12. Bf2 {[%emt 0:03:30]} a5 {[%emt 0:02:30]} 13. b5 {[%emt 0:06:30]} a4 {[%emt 0:04:30]} 14. Qd3 {[%emt 0:03:30]} b6 {[%emt 0:00:30]} 15. h4 {[%emt 0:03:30]} Nxe4 {[%emt 0:10:30]} 16. Qxe4 {[%emt 0:01:30]} Nd4 {[%emt 0:00:30]} 17. Nxd4 {[%emt 0:06:30]} exd4 {[%emt 0:00:30]} 18. O-O-O {[%emt 0:00:30]} Bh6+ {[%emt 0:06:30]} 19. Kb2 {[%emt 0:01:30]} Bf5 {[%emt 0:00:30]} 20. Qe1 {[%emt 0:01:30]} Re8 {[%emt 0:01:30]} 21. Qb4 {[%emt 0:01:30]} a3+ {[%emt 0:00:30]} 22. Kb3 {[%emt 0:08:30]} Qf6 {[%emt 0:05:30]} 23. g4 {[%emt 0:06:30]} Bxg4 {[%emt 0:01:30]} 24. Bxd4 {[%emt 0:07:30]} Re3+ {[%emt 0:03:30]} 25. Kc2 {[%emt 0:00:30]} Bf5+ {[%emt 0:00:30]} 26. Bd3 {[%emt 0:01:30]} Qxd4 {[%emt 0:00:30]} 27. Bxf5 {[%emt 0:00:30]} Re2+ {[%emt 0:00:30]} 28. Kb1 {[%emt 0:00:30]} Rb2+ {[%emt 0:00:30]} 29. Ka1 {[%emt 0:00:30]} Rd2+ {[%emt 0:00:00]} 0-1

[Event "Turkish Cup 2022"]
[Site "Sakarya"]
[Date "2022.03.30"]
[Round "9.20"]
[White "Tahaoglu, Erkin"]
[Black "Caputcuoglu, Zeki Berke"]
[Result "0-1"]
[WhiteElo "1694"]
[BlackElo "2095"]
[Annotator "NA"]
[PlyCount "68"]
[EventDate "2022.03.25"]
[EventType "swiss"]
[EventCountry "TUR"]
[SourceTitle "playchess.com"]
[Source "ChessBase"]
[SourceQuality "1"]
[TimeControl "5400+30"]

1. e4 {[%emt 0:01:00]} e5 {[%emt 0:09:00]} 2. Nf3 {[%emt 0:00:30]} Nc6 {[%emt 0:00:30]} 3. Bb5 {[%emt 0:00:30]} a6 {[%emt 0:00:30]} 4. Ba4 {[%emt 0:00:30]} d6 {[%emt 0:00:30]} 5. O-O {[%emt 0:00:30]} Bd7 {[%emt 0:01:30]} 6. c3 {[%emt 0:00:30]} g6 {[%emt 0:00:00]} 7. d4 {[%emt 0:01:30]} Bg7 {[%emt 0:00:00]} 8. h3 {[%emt 0:01:30]} Nf6 {[%emt 0:01:30]} 9. Re1 {[%emt 0:03:30]} O-O {[%emt 0:00:30]} 10. Nbd2 {[%emt 0:04:30]} Nh5 {[%emt 0:17:30]} 11. Bxc6 {[%emt 0:03:30]} Bxc6 {[%emt 0:02:30]} 12. Nc4 {[%emt 0:01:30]} Bb5 {[%emt 0:12:30]} 13. Qb3 {[%emt 0:03:30]} exd4 {[%emt 0:05:30]} 14. cxd4 {[%emt 0:11:30]} d5 {[%emt 0:02:30]} 15. Nce5 {[%emt 0:00:30]} dxe4 {[%emt 0:02:30]} 16. Ng5 {[%emt 0:03:30]} Qxd4 {[%emt 0:12:30]} 17. Ngxf7 {[%emt 0:01:30]} Bc4 {[%emt 0:00:30]} 18. Nxc4 {[%emt 0:01:30]} Rxf7 {[%emt 0:00:30]} 19. Be3 {[%emt 0:00:30]} Qd5 {[%emt 0:00:30]} 20. Rad1 {[%emt 0:00:30]} Qb5 {[%emt 0:00:30]} 21. Qc2 {[%emt 0:01:30]} Re8 {[%emt 0:01:30]} 22. a4 {[%emt 0:03:30]} Qc6 {[%emt 0:01:30]} 23. Qb3 {[%emt 0:00:30]} Qe6 {[%emt 0:02:30]} 24. Rd2 {[%emt 0:02:30]} Nf4 {[%emt 0:02:30]} 25. Bxf4 {[%emt 0:03:30]} Rxf4 {[%emt 0:00:00]} 26. Rde2 {[%emt 0:00:30]} Bd4 {[%emt 0:02:00]} 27. g3 {[%emt 0:03:30]} Qxh3 {[%emt 0:06:14]} 28. Nd2+ {[%emt 0:02:30]} Rf7 {[%emt 0:00:14]} 29. Nf1 {[%emt 0:07:30]} Re5 {[%emt 0:01:03]} 30. Qxb7 {[%emt 0:03:30]} Rf3 {[%emt 0:03:32]} 31. Qb8+ {[%emt 0:04:30]} Kg7 {[%emt 0:00:07]} 32. Qxc7+ {[%emt 0:01:30]} Kh6 {[%emt 0:00:08]} 33. Qc1+ {[%emt 0:02:30]} Rg5 {[%emt 0:02:38]} 34. Rd1 {[%emt 0:02:30]} Rfxg3+ {[%emt 0:00:59]} 0-1

[Event "Turkish Cup 2022"]
[Site "Sakarya"]
[Date "2022.03.30"]
[Round "9.21"]
[White "Kul, Ozdemir Efe"]
[Black "Cil, Batuhan"]
[Result "1-0"]
[WhiteElo "2042"]
[BlackElo "1737"]
[Annotator "NA"]
[PlyCount "123"]
[EventDate "2022.03.25"]
[EventType "swiss"]
[EventCountry "TUR"]
[SourceTitle "playchess.com"]
[Source "ChessBase"]
[SourceQuality "1"]
[TimeControl "5400+30"]

1. g3 {[%emt 0:03:00]} d5 {[%emt 0:01:00]} 2. Nf3 {[%emt 0:00:30]} Nf6 {[%emt 0:00:30]} 3. Bg2 {[%emt 0:00:30]} g6 {[%emt 0:00:30]} 4. O-O {[%emt 0:00:30]} Bg7 {[%emt 0:00:30]} 5. d3 {[%emt 0:00:00]} O-O {[%emt 0:02:30]} 6. a3 {[%emt 0:00:00]} c5 {[%emt 0:00:30]} 7. Nc3 {[%emt 0:00:30]} Nc6 {[%emt 0:00:30]} 8. Rb1 {[%emt 0:00:30]} e6 {[%emt 0:18:30]} 9. Bg5 {[%emt 0:05:30]} h6 {[%emt 0:01:30]} 10. Bd2 {[%emt 0:04:30]} Qe7 {[%emt 0:06:30]} 11. e4 {[%emt 0:00:30]} d4 {[%emt 0:01:30]} 12. Ne2 {[%emt 0:00:30]} e5 {[%emt 0:01:30]} 13. h3 {[%emt 0:02:30]} a5 {[%emt 0:10:30]} 14. Ne1 {[%emt 0:00:30]} b5 {[%emt 0:00:30]} 15. f4 {[%emt 0:01:30]} Bd7 {[%emt 0:11:30]} 16. Nf3 {[%emt 0:01:30]} Nh5 {[%emt 0:06:30]} 17. fxe5 {[%emt 0:03:30]} Nxe5 {[%emt 0:00:30]} 18. Nxe5 {[%emt 0:07:30]} Qxe5 {[%emt 0:00:00]} 19. g4 {[%emt 0:00:30]} Ng3 {[%emt 0:01:00]} 20. Nxg3 {[%emt 0:05:30]} Qxg3 {[%emt 0:00:30]} 21. Bf4 {[%emt 0:01:30]} Qh4 {[%emt 0:00:00]} 22. Qf3 {[%emt 0:02:30]} Qe7 {[%emt 0:08:00]} 23. Qg3 {[%emt 0:00:30]} Ra6 {[%emt 0:00:30]} 24. h4 {[%emt 0:02:30]} Re8 {[%emt 0:05:30]} 25. g5 {[%emt 0:03:30]} h5 {[%emt 0:00:30]} 26. Rf2 {[%emt 0:01:30]} c4 {[%emt 0:01:30]} 27. Rbf1 {[%emt 0:01:30]} c3 {[%emt 0:03:48]} 28. bxc3 {[%emt 0:10:30]} dxc3 {[%emt 0:01:49]} 29. Be3 {[%emt 0:00:30]} Be5 {[%emt 0:00:32]} 30. Qf3 {[%emt 0:01:30]} Rf8 {[%emt 0:03:32]} 31. Bh3 {[%emt 0:02:30]} Bxh3 {[%emt 0:07:51]} 32. Qxh3 {[%emt 0:00:30]} Rd6 {[%emt 0:01:17]} 33. Rb1 {[%emt 0:06:30]} b4 {[%emt 0:02:59]} 34. axb4 {[%emt 0:01:30]} axb4 {[%emt 0:00:01]} 35. Rff1 {[%emt 0:04:30]} Rdd8 {[%emt 0:00:31]} 36. Qf3 {[%emt 0:02:30]} Rb8 {[%emt 0:00:44]} 37. d4 {[%emt 0:01:30]} Bc7 {[%emt 0:00:30]} 38. e5 {[%emt 0:01:30]} Qe6 {[%emt 0:00:31]} 39. Rb3 {[%emt 0:00:30]} Qc4 {[%emt 0:01:39]} 40. Rfb1 {[%emt 0:01:30]} Rfd8 {[%emt 0:00:38]} 41. Rd1 {[%emt 0:02:52]} Bb6 {[%emt 0:01:26]} 42. Qf1 {[%emt 0:01:54]} Qe6 {[%emt 0:00:39]} 43. Rxb4 {[%emt 0:04:21]} Qg4+ {[%emt 0:00:30]} 44. Kh2 {[%emt 0:00:30]} Qxh4+ {[%emt 0:00:30]} 45. Qh3 {[%emt 0:00:30]} Qe4 {[%emt 0:00:30]} 46. Rd3 {[%emt 0:00:00]} Ra8 {[%emt 0:00:30]} 47. Rxb6 {[%emt 0:00:00]} Ra1 {[%emt 0:00:22]} 48. Bg1 {[%emt 0:03:41]} Qf4+ {[%emt 0:00:33]} 49. Qg3 {[%emt 0:00:38]} Qd2+ {[%emt 0:00:25]} 50. Bf2 {[%emt 0:01:45]} Qxc2 {[%emt 0:00:31]} 51. Rxc3 {[%emt 0:00:35]} Qe4 {[%emt 0:00:49]} 52. Qf3 {[%emt 0:00:20]} Qxf3 {[%emt 0:00:22]} 53. Rxf3 {[%emt 0:00:50]} Ra2 {[%emt 0:00:30]} 54. Kh3 {[%emt 0:00:00]} Ra7 {[%emt 0:00:00]} 55. Rbf6 {[%emt 0:00:20]} Re8 {[%emt 0:00:13]} 56. Kg3 {[%emt 0:01:20]} Kg7 {[%emt 0:00:43]} 57. Kf4 {[%emt 0:00:00]} Ra4 {[%emt 0:00:07]} 58. Ke4 {[%emt 0:00:55]} Re7 {[%emt 0:00:08]} 59. Rd6 {[%emt 0:00:54]} Ra5 {[%emt 0:00:18]} 60. d5 {[%emt 0:00:13]} Ra4+ {[%emt 0:00:02]} 61. Bd4 {[%emt 0:00:25]} Rb7 {[%emt 0:00:15]} 62. e6+ {[%emt 0:00:00]} 1-0